| 000 | 00958nam a2200253 i 4500 | ||
|---|---|---|---|
| 001 | 131060 | ||
| 003 | ES-MaACL | ||
| 005 | 20260113112522.0 | ||
| 007 | t| | ||
| 008 | 070214s1909 sp r ||||1| spa d | ||
| 100 | 1 |
_aRoda, Cecilio de, _d1865-1912 _9227158 |
|
| 245 | 1 | 4 |
_aLos cuartetos de cuerda de Beethoven _b: notas para su audición en la Sociedad Filarmónica Madrileña / _cCecilio de Roda. |
| 260 |
_aMadrid : _bA.M. Crespo, _c1909. |
||
| 300 |
_aVII, 110 p. : _bmus. ; _c21 cm. |
||
| 530 | _aDisponible en formato digital. | ||
| 597 | _aMúsica notada intercalada en el texto. | ||
| 600 | 1 | 7 |
_aBeethoven, Ludwig van, _d1770-1827 _2embne _9240507 |
| 710 | 2 |
_aSociedad Filarmónica de Madrid. _9158107 |
|
| 852 | 4 |
_aES-MaACL _jL-4905 (12-7) _cDEPO2 |
|
| 852 | 4 |
_aES-MaACL _jF-11561 _cSPP2 |
|
| 856 | 4 |
_uhttp://bdh-rd.bne.es/viewer.vm?id=0000124578&page=1 _y(Biblioteca Digital Hispánica) |
|
| 942 | _2udc | ||
| 999 |
_c131060 _d131060 |
||